| 000 | 00550nam a2200193Ia 4500 | ||
|---|---|---|---|
| 003 | IIN | ||
| 005 | 20250505110110.0 | ||
| 008 | 231217s2024 xx ad 000 0 eng d | ||
| 020 |
_cRs.1699.00 _a9789381390412 |
||
| 040 |
_aIIN _bEnglish |
||
| 082 |
_a610.73677 _bANS |
||
| 100 | 1 | _aAnsari, Javed | |
| 245 | 1 |
_aConcise Courses in Medical-Surgical Nursing-I/ _cJaved Ansari & Javinder Kaur |
|
| 260 |
_bPee Vee _aJalandhar _c2023 |
||
| 300 | _a[16],1-1151p./ V.1 | ||
| 650 | 1 |
_aMedical Surgical _vNursing |
|
| 700 | 1 | _aKaur, Javinder | |
| 942 | _cBOOK | ||
| 999 |
_c1546 _d1546 |
||